RICS objects to bank valuation standard (Record no. 73173)

MARC details
000 -LEADER
fixed length control field 01058cam a2200193 4500
001 - CONTROL NUMBER
control field WB3930-21
008 - FIXED-LENGTH DATA ELEMENTS--GENERAL INFORMATION
fixed length control field 030806n2003 000 0 eng u
035 ## - SYSTEM CONTROL NUMBER
System control number (Sirsi) u123208
245 ## - TITLE STATEMENT
Title RICS objects to bank valuation standard
260 ## - PUBLICATION, DISTRIBUTION, ETC.
Date of publication, distribution, etc. 2003
490 ## - SERIES STATEMENT
Series statement Property Week
Volume/sequential designation 68(30) 1 August 2003, 14(1)
520 ## - SUMMARY, ETC.
Summary, etc. RICS plans to submit written objections to the New Basel Capital Accord after criticising the use of mortgage-lending value. RICS supports the general aims of the revised banking standards but is concerned about basing lending decisions on mortgage-lending value and recommends the use of market value instead. Following the third round of consultation on the new proposals, the Basel Committee hopes to finalise the New Basel Capital Accord by the end of 2003. Further information available from www.bis.org/publ/bcbsca.htm. RICS at www.rics.org.
590 ## - LOCAL NOTE (RLIN)
Local note WB
650 ## - SUBJECT ADDED ENTRY--TOPICAL TERM
Topical term or geographic name entry element BANK VALUATIONS
650 ## - SUBJECT ADDED ENTRY--TOPICAL TERM
Topical term or geographic name entry element MORTGAGE LENDING VALUE
650 ## - SUBJECT ADDED ENTRY--TOPICAL TERM
Topical term or geographic name entry element BASEL ACCORD
690 ## - LOCAL SUBJECT ADDED ENTRY--TOPICAL TERM (OCLC, RLIN)
Topical term or geographic name as entry element PROPERTY-PROPERTY APPRAISAL AND VALUATION
942 ## - ADDED ENTRY ELEMENTS (KOHA)
Suppress in OPAC 0
Holdings
Withdrawn status Lost status Source of classification or shelving scheme Damaged status Not for loan Home library Current library Shelving location Date acquired Total Checkouts Full call number Barcode Date last seen Copy number Price effective from Koha item type
    Dewey Decimal Classification     London London News article 06/08/2003   WB3930-21 123208-1001 06/08/2019 1 06/08/2019 News article